Sử thi Akayet Chăm
Đã lưu trong:
| Hovedforfatter: | |
|---|---|
| Format: | Bog |
| Udgivet: |
Hà Nội
Văn hóa Thông tin
2013
|
| Fag: | |
| Tags: |
Tilføj Tag
Ingen Tags, Vær først til at tagge denne postø!
|
| Thư viện lưu trữ: | Trung tâm Học liệu Lê Vũ Hùng, Trường Đại học Đồng Tháp |
|---|
| LEADER | 00890pam a22003378a 4500 | ||
|---|---|---|---|
| 001 | 00032264 | ||
| 005 | 20171026081025.0 | ||
| 008 | 140603s2013 ||||||Viesd | ||
| 020 | # | # | |a 9786045003633 |
| 041 | 0 | # | |a Vie |
| 082 | 1 | 4 | |a 398.209 597 |b S550TH |
| 100 | 1 | # | |a Inrasara |
| 245 | 1 | 0 | |a Sử thi Akayet Chăm |c Inrasara |
| 260 | # | # | |a Hà Nội |b Văn hóa Thông tin |c 2013 |
| 300 | # | # | |a 829 tr. |c 21 cm. |
| 500 | # | # | |a ĐTTS ghi : Hội văn nghệ dân gian Việt Nam |
| 653 | # | # | |a Dân tộc Chăm |
| 653 | # | # | |a Sử thi |
| 653 | # | # | |a Việt Nam |
| 653 | # | # | |a Văn học dân gian |
| 852 | # | # | |b Kho đọc |j KD.0015841 |
| 852 | # | # | |j KD.0015841 |
| 910 | # | # | |d 3\6\2014 |
| 980 | # | # | |a Trung tâm Học liệu Lê Vũ Hùng, Trường Đại học Đồng Tháp |


